Griša. Bouře a vzdor /
Druhá část fantasy trilogie pokračuje v líčení osudů světlonošky Aliny Starkové, která disponuje výjimečnou magickou mocí.
Uloženo v:
| Série: | Griša,
část 2 |
|---|---|
| Hlavní autor: | |
| Další autoři: | |
| Médium: | E-audiokniha |
| Jazyk: | Czech |
| Vydáno: |
Praha :
Fragment,
2017
|
| Vydání: | 1. vydání |
| Témata: | |
| Příbuzné jednotky: | Z cyklu::
Griša |
| Tagy: |
Žádné tagy |
| LEADER | 03910cam a2200817 i 4500 | ||
|---|---|---|---|
| 001 | 313370 | ||
| 003 | CZ PrSKC | ||
| 005 | 20260601215741.0 | ||
| 007 | ta | ||
| 008 | 171026s2017 xr d 000 f cze d | ||
| 015 | |a cnb002942527 | ||
| 020 | |a 9788025333761 |q (vázáno) | ||
| 035 | |a (OCoLC)1031048926 | ||
| 040 | |a OSA001 |b cze |d UOG505 |d ULG001 |d OLA001 |e rda | ||
| 041 | 1 | |a cze |h eng | |
| 072 | 7 | |a 821.111(73)-3 |x Americká próza |2 Konspekt | |
| 072 | 7 | |a 821-93 |x Literatura pro děti a mládež (beletrie) |2 Konspekt | |
| 080 | |a 821.111(73)-31 |2 MRF | ||
| 080 | |a 821-93 |2 MRF | ||
| 080 | |a (0:82-312.9) |2 MRF | ||
| 100 | 1 | |a Bardugo, Leigh, |d 1975- |7 ola2017940808 |4 aut | |
| 240 | 1 | 0 | |a Siege and storm. |l Česky |
| 245 | 1 | 0 | |a Griša. |p Bouře a vzdor / |c Leigh Bardugo ; z anglického originálu The Grisha 2: Siege and storm přeložila Julie Žemlová |
| 246 | 3 | 0 | |a Bouře a vzdor |
| 250 | |a 1. vydání | ||
| 264 | 1 | |a Praha : |b Fragment, |c 2017 | |
| 300 | |a 379 stran ; |c 22 cm | ||
| 336 | |a text |b txt |2 rdacontent | ||
| 337 | |a bez média |b n |2 rdamedia | ||
| 338 | |a svazek |b nc |2 rdacarrier | ||
| 520 | 2 | |a Druhá část fantasy trilogie pokračuje v líčení osudů světlonošky Aliny Starkové, která disponuje výjimečnou magickou mocí. | |
| 520 | 2 | |a Z Aliny Starkové se stala světlonoška. Jenže cena, kterou za to platí, je vysoká. Temnyj je víc než kdy předtím odhodlaný využít jejích schopností k získání trůnu. Alina se snaží jeho nástrahám vzdorovat, přesto se do nich zaplétá a vzdaluje se od lásky, v níž až doteď hledala své útočiště. Alina cítí, že jestli chce Ravku zachránit, bude si muset vybrat. Ponechá si svoji výjimečnou moc a zachrání zemi, nebo se jí vzdá, a zvolí lásku? Na Alinu Starkovou se žene divoká bouře. Čeká ji vnitřní boj. Vyjde z něj jako vítěz, nebo jako poražený? Nakladatelská anotace. | |
| 655 | 7 | |a americké romány |7 fd131796 |2 czenas | |
| 655 | 7 | |a fantasy romány |7 fd184199 |2 czenas | |
| 655 | 7 | |a publikace pro mládež |7 fd133157 |2 czenas | |
| 655 | 9 | |a American fiction |2 eczenas | |
| 655 | 9 | |a fantasy novels |2 eczenas | |
| 655 | 9 | |a juvenile literature |2 eczenas | |
| 700 | 1 | |a Žemlová, Julie |7 xx0147330 |4 trl | |
| 787 | 0 | 8 | |i Z cyklu: |t Griša |g 2 |
| 900 | |a ABA001 |b 20 | ||
| 928 | 9 | |a Albatros Media - Fragment | |
| 044 | |a xr | ||
| 505 | 0 | 0 | |t 00_Predtim (7 min., 10 sek.) |
| 505 | 0 | 0 | |t 01_Kapitola 1 (33 min., 34 sek.) |
| 505 | 0 | 0 | |t 02_Kapitola 2 (36 min., 50 sek.) |
| 505 | 0 | 0 | |t 03_Kapitola 3 (29 min., 36 sek.) |
| 505 | 0 | 0 | |t 04_Kapitola 4 (21 min., 23 sek.) |
| 505 | 0 | 0 | |t 05_Kapitola 5 (37 min., 0 sek.) |
| 505 | 0 | 0 | |t 06_Kapitola 6 (19 min., 41 sek.) |
| 505 | 0 | 0 | |t 07_Kapitola 7 (27 min., 59 sek.) |
| 505 | 0 | 0 | |t 08_Kapitola 8 (31 min., 37 sek.) |
| 505 | 0 | 0 | |t 09_Kapitola 9 (26 min., 28 sek.) |
| 505 | 0 | 0 | |t 10_Kapitola 10 (36 min., 39 sek.) |
| 505 | 0 | 0 | |t 11_Kapitola 11 (38 min., 27 sek.) |
| 505 | 0 | 0 | |t 12_Kapitola 12 (31 min., 19 sek.) |
| 505 | 0 | 0 | |t 13_Kapitola 13 (29 min., 18 sek.) |
| 505 | 0 | 0 | |t 14_Kapitola 14 (34 min., 10 sek.) |
| 505 | 0 | 0 | |t 15_Kapitola 15 (24 min., 39 sek.) |
| 505 | 0 | 0 | |t 16_Kapitola 16 (27 min., 33 sek.) |
| 505 | 0 | 0 | |t 17_Kapitola 17 (30 min., 17 sek.) |
| 505 | 0 | 0 | |t 18_Kapitola 18 (31 min., 45 sek.) |
| 505 | 0 | 0 | |t 19_Kapitola 19 (40 min., 2 sek.) |
| 505 | 0 | 0 | |t 20_Kapitola 20 (26 min., 36 sek.) |
| 505 | 0 | 0 | |t 21_Kapitola 21 (27 min., 7 sek.) |
| 505 | 0 | 0 | |t 22_Kapitola 22 (32 min., 30 sek.) |
| 505 | 0 | 0 | |t 23_Kapitola 23 (35 min., 57 sek.) |
| 505 | 0 | 0 | |t 24_Potom (4 min., 58 sek.) |
| 910 | |a RBIT002 | ||
| 998 | |d 415046 |a https://core.palmknihy.cz/api/books/415046/cover?slvvkh |b https://core.palmknihy.cz/api/books/415046/cover/400?slvvkh |c https://core.palmknihy.cz/api/books/415046/cover/50?slvvkh |e 2027-04-01 |i 9788025333761 |l 43380 |q 49 |r 1 |s https://www.palmknihy.cz/kniha/415046 |t audiobook |y 2024 |z 0 | ||
| 999 | |d 313368 | ||